Belediyelerde mevzuatı öğren, zararları önle! / (Record no. 15542)

MARC details
000 -BAŞLIK
Sabit Uzunlukta Kontrol Alanı 00655nam a22002057a 4500
999 ## - SİSTEM KONTROL NUMARALARI (KOHA)
Koha Biblionumber 15542
Koha Biblioitemnumber 15542
003 - KONTROL NUMARASI IDENTIFIER
Denetim Alanı MIRAKIL
005 - SON İŞLEM TARİHİ VE ZAMANI
Denetim Alanı 20240301134525.0
008 - SABİT-BOY VERİ ELEMANLARI - GENEL BİLGİLER
Sabit Uzunlukta Kontrol Alanı 240301b tu ||||| |||| 00| 0 tur d
040 ## - KATALOGLAMA KAYNAK
Orijinal Kataloglama Ajansı TR-AnCHP
Metne Dönüştürmek Ajansı TR-AnCHP
041 ## - DİL KODU
Metin / Ses Parça Veya Ayrı Başlığın Dil Kodu tur
082 ## - DEWEY ONLU SINIFLANDIRMA NUMARASI
Sınıflandırma Numarası 352
Ürün Numarası F52b 2018
090 ## - SINIFLAMA NUMARASI
Sınıflama Numarası 352 F52b 2018
100 ## - ANA GİRİŞ - KİŞİSEL İSİM
Kişisel Ad Fidandal, Mehmet Zeki
245 10 - BAŞLIK TABLOSU
Başlık Belediyelerde mevzuatı öğren, zararları önle! /
Sorumluluk Tablosu, Vb Mehmet Zeki Fidandal
260 ## - YAYIN, DAĞITIM, VB
Yayın, Dağıtım, Vb Yeri İzmir :
Yayın, Dağıtım, Vb Tarihi 2018.
Üretici Firma Manisa ofset
300 ## - FİZİKSEL TANIM
Kapsam 232 s. :
Boyutlar 20 cm.
650 #0 - KONU KATMA GİRİŞ - TOPİKAL DÖNEM
9 (RLIN) 7433
Topikal Süreli Veya Coğrafi Ad Giriş Elemanı Belediye Hizmetleri
Genel Alt Bölümü Mevzuat
856 ## - ELEKTRONİK YER VE ERİŞİM
Kamu Notu Dijital Nüshası için Partimizin Kütüphane Sorumlusu ile iletişime geçiniz.
942 ## - EKLENDİ GİRİŞ ELEMANLARI (KOHA)
Sınıflandırma Veya Raf Düzeni Kaynak Dewey Decimal Classification
Koha Öğesi Türü Books
Holdings
Kalıcı Konum Mevcut Konum Edinme Tarihi Toplam Check-Out'Lar Tam Çağrı Numarası Barkod Tarih Son Görülme İtibaren Geçerli Fiyatlar Koha Öğesi Türü
CHP Kütüphanesi CHP Kütüphanesi 03/01/2024   352 F52b 2018 21418 03/01/2024 03/01/2024 Books
Parti Okulu Kütüphanesi Parti Okulu Kütüphanesi 03/01/2024   352 F52b 2018 21419 03/01/2024 03/01/2024 Books